000 00431nam a22001697a 4500
005 20180131144147.0
008 160427b xxu||||| |||| 00| 0 eng d
020 _a0-07-123300-8
041 _aeng
082 _b00383
_a003
100 _aSenn, James A.
_92483
245 _aAnalysis and Design of Information Systems
250 _a2nd ed.
260 _aNew York
_bMC Graw Hill International,
_c2003
300 _a853
942 _cBK
999 _c119
_d119